'P' Vocabulary (Medium) Quiz Stats

Quiz Updated Feb 6, 2018

Challenge
Share
Tweet
Embed
Score 0/25 Timer 06:00
19 Plays Today
% Correct
puma
95.4%
pantry
95%
poltergeist
94.2%
psychiatrist
94.1%
plausible
93.9%
piccolo
93.7%
philanthropist
93.7%
pacify
93.3%
pilgrim
93.2%
pristine
93%
preposterous
92.9%
premonition
92.8%
paella
91.8%
% Correct
potpourri
91.5%
pillage
90.8%
parasol
90.8%
plethora
90.8%
precarious
89.5%
pagoda
88.2%
paraffin
88.1%
paddock
88%
progeny
88%
pike
85.9%
parse
82.3%
portmanteau
76.2%

You're not logged in!

Compare scores with friends on all Sporcle quizzes.
Sign Up with Email
OR
Log In

You Might Also Like...

Show Comments

Extras

Top Quizzes Today


Score Distribution

Your Account Isn't Verified!

In order to create a playlist on Sporcle, you need to verify the email address you used during registration. Go to your Sporcle Settings to finish the process.

Report this User

Report this user for behavior that violates our Community Guidelines.

Details: